| 000 | 00649nam a22002177a 4500 | ||
|---|---|---|---|
| 005 | 20170124110131.0 | ||
| 010 | _aA-354680 | ||
| 020 |
_c00.00 _a812122337 |
||
| 035 | _aA-354680 | ||
| 037 | _bCen Lib/Ret | ||
| 040 |
_aDPL _bEN |
||
| 082 |
_a921 _bCHA |
||
| 100 |
_aChand, Attar _9102466 |
||
| 245 |
_aM.G. Ramachandran : _cby Attar Chand _bmy blood brother / |
||
| 260 |
_a Delhi _bGian publishing house _c1988 |
||
| 270 |
_b Delhi _a29/6, Shakti nagar _e110007 |
||
| 300 |
_a229p.: _c19cm(Hb) _bill. |
||
| 500 | _aIncludes bibliographical references and index | ||
| 650 |
_aBiography _97490 |
||
| 942 |
_2ddc _cEN _h921 _mCHA |
||
| 999 |
_c131597 _d131597 |
||